000 00508nam a2200145Ia 4500
008 170221s9999 xx 000 0 und d
100 _aHaslina Halim
245 _aDifferentiating Relationships in the Workplace: A Cultural Perspective
245 _cHaslina Halim, Hassan Abu Bakar, Bahtiar Mohamad
260 _bInternational Review of Management and Marketing
260 _cDecember 2015
300 _a7:2
650 _xMarketing.
856 _uhttp://www.econjournals.com/index.php/irmm/issue/view/91
999 _c310090
_d310090